000 00239nam a22000977a 4500
008 170126b xxu||||| |||| 00| 0 srb d
041 _asrb
080 _a61
245 _aKLINICKA REPRODUKTIVNA ENDOKRINOLOGIJA
_cPRELEVIC, G.M
942 _2udc
_cBK
999 _c3770
_d3770